<?xml version="1.0" encoding="UTF-8"?>
<collection xmlns:xsi="http://www.w3.org/2001/XMLSchema-instance" xsi:schemaLocation="http://www.loc.gov/MARC21/slim http://www.loc.gov/standards/marcxml/schema/MARC21slim.xsd" xmlns="http://www.loc.gov/MARC21/slim">
 <record>
  <leader>00000nam a22000003i 4500</leader>
  <controlfield tag="001">UP-100048679771060918</controlfield>
  <controlfield tag="003">Buklod</controlfield>
  <controlfield tag="005">20230602145923.0</controlfield>
  <controlfield tag="006">t     r    |||| u|</controlfield>
  <controlfield tag="007">ta</controlfield>
  <controlfield tag="008">230602s2022    xx      r    |||| u|    d</controlfield>
  <datafield tag="040" ind1="0" ind2=" ">
   <subfield code="a">DCHE</subfield>
   <subfield code="e">rda</subfield>
  </datafield>
  <datafield tag="041" ind1="0" ind2=" ">
   <subfield code="a">eng</subfield>
  </datafield>
  <datafield tag="090" ind1="0" ind2="0">
   <subfield code="a">LG 993.5 2022 F66</subfield>
   <subfield code="b">J65</subfield>
  </datafield>
  <datafield tag="100" ind1="1" ind2=" ">
   <subfield code="a">Jolejole, Sophia Tercelle</subfield>
   <subfield code="e">author</subfield>
  </datafield>
  <datafield tag="245" ind1="1" ind2="0">
   <subfield code="a">Influence of meat attachment factors and food choice motives on the willingness of Filipinos to consume restructured plant-based meat analogues</subfield>
   <subfield code="c">Sophia Tercelle Jolejole ; Rowena Grace R. Sanchez, Kenneth Andrew R. Dognidon, thesis advisers.</subfield>
  </datafield>
  <datafield tag="264" ind1=" " ind2="1">
   <subfield code="a">Quezon City</subfield>
   <subfield code="b">College of Home Economics, University of the Philippines Diliman,</subfield>
   <subfield code="c">2022.</subfield>
  </datafield>
  <datafield tag="300" ind1=" " ind2=" ">
   <subfield code="a">xii, 92 leaves</subfield>
   <subfield code="b">illustrations (some color)</subfield>
   <subfield code="c">28 cm.</subfield>
  </datafield>
  <datafield tag="336" ind1=" " ind2=" ">
   <subfield code="a">text</subfield>
   <subfield code="2">rdacontent</subfield>
  </datafield>
  <datafield tag="337" ind1=" " ind2=" ">
   <subfield code="a">unmediated</subfield>
   <subfield code="2">rdamedia</subfield>
  </datafield>
  <datafield tag="338" ind1=" " ind2=" ">
   <subfield code="a">volume</subfield>
   <subfield code="2">rdacarrier</subfield>
  </datafield>
  <datafield tag="502" ind1=" " ind2=" ">
   <subfield code="a">Thesis (Bachelor of Science in Food Technology)--University of the Philippines, Diliman,</subfield>
   <subfield code="d">June 2022.</subfield>
  </datafield>
  <datafield tag="504" ind1=" " ind2=" ">
   <subfield code="a">Bibliography : pages 56-67.</subfield>
  </datafield>
  <datafield tag="506" ind1="0" ind2=" ">
   <subfield code="a">Thesis Classification: F</subfield>
  </datafield>
  <datafield tag="520" ind1="0" ind2=" ">
   <subfield code="a">Plant-based meat analogues (PBMA), which are products with characteristics that aim to resemble the experience of consuming meat, has been a topic of interest for several studies due to the benefits they offer to consumers and the environment. To explore how to obtain these benefits, consumer perceptions on PBMA have been studied as consumers are seen as a major factor on the inclusion of PBMA in the diet. This study aimed to determine the validity of existing constructs that were found to influence consumer willingness to consume PBMA in previous research, namely, meat attachment factors and food choice motives (i.e., health and sustainability concerns), as well as how they influence intention to try PBMA. Survey forms were distributed across online platforms and targeted consumers who reside in the National Capital Region. The data collected (n=469) was analyzed through structural equation modelling. Meat attachment factors and food choice motives were found to be reliable predictors of consumer willingness to consume PBMA, however, only three subscales of meat attachment (hedonism, dependence, and affinity) were significantly associated (p&lt;0.0001) with intention to try PBMA. Although meat attachment negatively influences willingness to consume PBMA, hedonism showed opposite results. As a result, PBMA manufacturers and researchers can focus on the mentioned factors in the production of their PBMA products and for future research, respectively. Moreover, the study showed that Filipino consumers were influenced by factors differently compared to other countries. It further validates the need for more local research on PBMA.</subfield>
  </datafield>
  <datafield tag="650" ind1="0" ind2="0">
   <subfield code="a">Meat substitutes</subfield>
   <subfield code="z">Philippines.</subfield>
  </datafield>
  <datafield tag="650" ind1="0" ind2="0">
   <subfield code="a">Food preferences </subfield>
   <subfield code="z">Philippines.</subfield>
  </datafield>
  <datafield tag="700" ind1="1" ind2=" ">
   <subfield code="a">Sanchez, Rowena Grace R.</subfield>
   <subfield code="e">thesis adviser.</subfield>
  </datafield>
  <datafield tag="700" ind1="1" ind2=" ">
   <subfield code="a">Dognidon, Kenneth Andrew R.</subfield>
   <subfield code="e">thesis adviser.</subfield>
  </datafield>
  <datafield tag="905" ind1=" " ind2=" ">
   <subfield code="a">FI</subfield>
  </datafield>
  <datafield tag="905" ind1=" " ind2=" ">
   <subfield code="a">UP</subfield>
  </datafield>
  <datafield tag="852" ind1="0" ind2=" ">
   <subfield code="a">UPD</subfield>
   <subfield code="b">DCHE</subfield>
   <subfield code="h">LG 993.5 2022 F66</subfield>
   <subfield code="i">J65</subfield>
  </datafield>
  <datafield tag="942" ind1=" " ind2=" ">
   <subfield code="a">Thesis</subfield>
  </datafield>
 </record>
</collection>
